| 000 | 02276cam a2200637 i 4500 | ||
|---|---|---|---|
| 001 | 25595 | ||
| 003 | KOSZ 005 | ||
| 005 | 20250315062818.0 | ||
| 008 | 250314s1970 pl a g 001 0 pol | ||
| 015 | _aPB 1971/1100 | ||
| 035 | _a991039038659705066 | ||
| 035 | _a(PL-WaBN)b20445106-48omnis_nlop | ||
| 035 | _ab20445106 | ||
| 035 | _a(OCoLC)751205791 | ||
| 035 | _a(PL)b0000002044510 | ||
| 035 | _a(EXLNZ-48OMNIS_NETWORK)9910255479105606 | ||
| 040 |
_aWA N _cWA N _dKOSZ 005/RW |
||
| 045 |
_bd1943 _bd1945 |
||
| 046 | _k1963 | ||
| 080 | _a94(438).082 | ||
| 080 | _a94(438).082.21 | ||
| 080 | _a355.48(438:430) | ||
| 080 | _a323.2(438) | ||
| 080 | _a929-051(438) | ||
| 245 | 0 | 0 |
_aCzwartacy : _bwspomnienia byłych żołnierzy Szturmowego Batalionu AL im. "Czwartaków" 1943-1945. _nT. 2 / _c[opracowanie Daniela Mazur ; przewodniczący komitetu redakcyjnego Tadeusz Pietrzak]. |
| 250 | _aWydanie 4. | ||
| 260 |
_aWarszawa : _bWydawnictwo Ministerstwa Obrony Narodowej, _c1970. |
||
| 300 |
_a459, [5] stron, [20] kart tablic : _bilustracje ; _c20 cm. |
||
| 336 |
_aTekst _btxt _2rdacontent |
||
| 337 |
_aBez urządzenia pośredniczącego _bn _2rdamedia |
||
| 338 |
_aWolumin _bnc _2rdacarrier |
||
| 380 | _aKsiążki | ||
| 380 | _aLiteratura faktu, eseje, publicystyka | ||
| 386 |
_mPrzynależność kulturowa _aLiteratura polska |
||
| 388 | 1 | _a1901-2000 | |
| 388 | 1 | _a1945-1989 | |
| 504 | _aIndeks. | ||
| 610 | 2 | 7 | _aArmia Ludowa (AL) |
| 610 | 2 | 7 | _aBatalion im. Czwartaków (Armia Ludowa) |
| 648 | 7 | _a1901-2000 | |
| 648 | 7 | _a1939-1945 | |
| 650 | 7 | _aII wojna światowa (1939-1945) | |
| 650 | 7 | _aJednostki wojskowe | |
| 650 | 7 | _aRuch oporu | |
| 650 | 7 | _aWojna partyzancka | |
| 651 | 7 | _aPolska | |
| 655 | 7 | _aAntologia | |
| 655 | 7 | _aPamiętniki i wspomnienia | |
| 658 | _aBezpieczeństwo i wojskowość | ||
| 658 | _aHistoria | ||
| 700 | 1 |
_aMazur, Daniela _eOpracowanie |
|
| 700 | 1 |
_aPietrzak, Tadeusz _d(1926-2014) _eRedakcja |
|
| 710 | 2 |
_aWydawnictwo Ministerstwa Obrony Narodowej _4pbl |
|
| 856 |
_uhttp://koha.tu.koszalin.pl/cgi-bin/koha/opac-detail.pl?biblionumber=25595 _yKatalog online BPK |
||
| 942 |
_2UKD _cKS |
||
| 999 |
_c25595 _d25595 |
||